Pisanie A - Z w 15 sekund - Statystyki

Ogólne statystyki
  • Ten quiz został rozwiązany 534 razy
    521 od ostatniego zresetowania
  • Średni wynik to 21 z 26
Statystyki odpowiedzi
Literka % Poprawnych
A
97%
E
95%
D
94%
B
93%
C
93%
F
91%
H
91%
G
90%
I
90%
J
89%
K
89%
O
83%
R
83%
L
82%
M
81%
N
81%
P
80%
T
78%
W
76%
S
74%
U
73%
Z
66%
Q
63%
Y
59%
X
56%
V
50%
Nie znaleziono quizów pasujących do podanych kryteriów
Rozkład punktacji
Procent ludzi z każdym wynikiem
Percentyl według liczby udzielonych odpowiedzi
Twoja historia wyników
Nie rozwiązałeś tego quizu od ostatniego zresetowania